Impact of the product quality on consumer satisfaction and corporate brand

Korelácia medzi kvalitou výrobku, spokojnosťou zákazníka a firemnou značkou na na príklade veľkej slovenskej mliekarne Milsy a.s.

Gespeichert in:
Bibliographische Detailangaben
1. Verfasser: Šugrová, Michaela
Weitere Verfasser: Šedík, Peter, Kubeláková, Andrea, Svetlíková, Veronika
Format: Buchkapitel
Sprache:Englisch
Schlagworte:
Tags: Tag hinzufügen
Keine Tags, Fügen Sie das erste Tag hinzu!

MARC

LEADER 00000nla a2200000 4500
001 0236675
005 20240417075127.3
041 0 |a eng 
044 |a UA 
245 1 0 |a Impact of the product quality on consumer satisfaction and corporate brand  |c Michaela Šugrová, Peter Šedík, Andrea Kubeláková, Veronika Svetlíková 
520 |a Korelácia medzi kvalitou výrobku, spokojnosťou zákazníka a firemnou značkou na na príklade veľkej slovenskej mliekarne Milsy a.s. 
610 2 0 |a spokojnosť zákazníkov 
610 2 0 |a výrobky poľnohospodárske 
610 2 0 |a priemysel mliekarský 
610 2 0 |a značky kvality 
610 2 0 |a značky výrobkov 
610 2 0 |a kvalita výrobkov 
100 1 |a Šugrová, Michaela 
700 1 |a Šedík, Peter 
700 1 |a Kubeláková, Andrea 
700 1 |a Svetlíková, Veronika